Drug Calculations for Nurses : (Record no. 13576)
[ view plain ]
| 000 -LEADER | |
|---|---|
| fixed length control field | 00852nam a22001937a 4500 |
| 008 - FIXED-LENGTH DATA ELEMENTS--GENERAL INFORMATION | |
| fixed length control field | 100303s2009 enk|||||r|||| 001 0 eng d |
| 020 ## - INTERNATIONAL STANDARD BOOK NUMBER | |
| International Standard Book Number | 9780340987339 |
| 082 ## - DEWEY DECIMAL CLASSIFICATION NUMBER | |
| Edition number | 22 |
| Classification number | 615.14 |
| Item number | LAP |
| 100 ## - MAIN ENTRY--PERSONAL NAME | |
| 9 (RLIN) | 12201 |
| Personal name | Lapham, Robert. |
| 245 ## - TITLE STATEMENT | |
| Title | Drug Calculations for Nurses : |
| Remainder of title | A Step-by-Step Approach / |
| Statement of responsibility, etc | Robert Lapham and Heather Agar. |
| 260 ## - PUBLICATION, DISTRIBUTION, ETC. (IMPRINT) | |
| Place of publication, distribution, etc | London : |
| Name of publisher, distributor, etc | Arnold, 2009 |
| Date of publication, distribution, etc | 2009 |
| 300 ## - PHYSICAL DESCRIPTION | |
| Extent | 246 p.: |
| Other physical details | ill.; |
| Dimensions | 20 cm. |
| 500 ## - GENERAL NOTE | |
| General note | Includes index |
| 650 ## - SUBJECT ADDED ENTRY--TOPICAL TERM | |
| 9 (RLIN) | 12202 |
| Topical term or geographic name as entry element | Pharmaceutical arithmetic |
| Form subdivision | Problems, exercises, etc. |
| 650 ## - SUBJECT ADDED ENTRY--TOPICAL TERM | |
| 9 (RLIN) | 12203 |
| Topical term or geographic name as entry element | Nursing |
| Form subdivision | Problems, exercises, etc. |
| General subdivision | Mathematics |
| 700 ## - ADDED ENTRY--PERSONAL NAME | |
| 9 (RLIN) | 12204 |
| Personal name | Agar, Heather. |
| 942 ## - ADDED ENTRY ELEMENTS (KOHA) | |
| Source of classification or shelving scheme | Dewey Decimal Classification |
| Item type | |
| Withdrawn status | Item status | Source of classification or shelving scheme | Damaged status | Not for loan | Vendor | Home library | Current library | Shelving location | Date acquired | Source of acquisition | Cost, normal purchase price | Serial Enumeration / chronology | Total Checkouts | Full call number | Barcode | Date last seen | Date last borrowed | Koha item type |
|---|---|---|---|---|---|---|---|---|---|---|---|---|---|---|---|---|---|---|
| Dewey Decimal Classification | Academic Bookshop | Central Library | Central Library | First floor | 03/03/2010 | 98.90 | 3698 | 6 | 615.14 LAP | 000019421 | 15/07/2025 | 12/04/2012 | NB - Book (Non borrowing) |